[Event "Bundesliga 0001"]
[Site "Deutschland"]
[Date "2001.01.07"]
[Round "5.4"]
[White "Agdestein, Simen"]
[Black "Hansen, Sune Berg"]
[Result "1/2-1/2"]
[WhiteElo "2590"]
[BlackElo "2545"]
[PlyCount "172"]
[EventDate "2000.10.14"]
[EventType "team"]
[EventRounds "15"]
[EventCountry "GER"]
[SourceTitle "Bundesliga 0001"]
[Source "DeepChess"]
[SourceDate "2005.01.01"]
[SourceVersion "1"]
[SourceVersionDate "2005.01.01"]
[SourceQuality "1"]
[WhiteTeam "Luebecker SV von 1873 "]
[BlackTeam "Hamburger SK 1830 e.V."]
[WhiteTeamCountry "GER"]
[BlackTeamCountry "GER"]

1. d4 Nf6 2. c4 e6 3. Nc3 Bb4 4. e3 O-O 5. Bd3 c5 6. Nf3 d5 7. O-O cxd4 8. exd4
dxc4 9. Bxc4 b6 10. Qb3 Bxc3 11. bxc3 Qc7 12. Ba3 Rd8 13. Ne5 Nc6 14. Nxc6 Qxc6
15. Rfd1 Bb7 16. Bf1 Qc7 17. c4 Rac8 18. Rac1 h6 19. Bb2 Qf4 20. f3 Rc7 21. a4
Rdc8 22. a5 bxa5 23. Ra1 Ba6 24. Ra4 Nd7 25. c5 Bxf1 26. Rxf1 Rb8 27. Qa3 Qf5
28. Rxa5 Qc2 29. Ba1 Rbb7 30. Qc3 Qxc3 31. Bxc3 Nb8 32. Ra3 Rd7 33. Kf2 Nc6 34.
Ke3 Kf8 35. Rfa1 f6 36. Ra6 Rbc7 37. g4 Kf7 38. Rb1 Ne7 39. Ba5 Rc6 40. Rxc6
Nxc6 41. Bc3 Ke7 42. f4 Kd8 43. f5 exf5 44. gxf5 Kc7 45. Ke4 Ne7 46. Ba5+ Kc6
47. Rb8 h5 48. h4 Rd5 49. Re8 Rd7 50. Be1 Kb5 51. Rb8+ Kc6 52. Bg3 g6 53. fxg6
f5+ 54. Kd3 Nxg6 55. Rc8+ Kb7 56. Rg8 Ne7 57. Rg5 a5 58. Bd6 Nd5 59. Rxf5 Kc6
60. Ke4 Nc3+ 61. Kd3 Nd5 62. Ke4 Nc3+ 63. Ke5 Rd8 64. Ke6 Re8+ 65. Kf7 Re4 66.
Be5 Nb5 67. Rxh5 Nxd4 68. Bf6 a4 69. Rh8 Kxc5 70. h5 Nf5 71. Kg6 Ne7+ 72. Kf7
Nf5 73. Kg6 Ne7+ 74. Kh7 Nf5 75. Rc8+ Kb4 76. Rb8+ Kc4 77. Kg6 Ne7+ 78. Kf7 Nf5
79. Ra8 Kb4 80. Kg6 Ne7+ 81. Kg5 Re1 82. Bd4 Rh1 83. h6 Rxh6 84. Kxh6 Nf5+ 85.
Kg5 Nxd4 86. Kf4 Nb3 1/2-1/2

[Event "Bundesliga 0001"]
[Site "Deutschland"]
[Date "2001.01.07"]
[Round "5.7"]
[White "Heinemann, Thies"]
[Black "Hector, Jonny"]
[Result "1/2-1/2"]
[WhiteElo "2468"]
[BlackElo "2509"]
[PlyCount "55"]
[EventDate "2000.10.14"]
[EventType "team"]
[EventRounds "15"]
[EventCountry "GER"]
[SourceTitle "Bundesliga 0001"]
[Source "DeepChess"]
[SourceDate "2005.01.01"]
[SourceVersion "1"]
[SourceVersionDate "2005.01.01"]
[SourceQuality "1"]
[WhiteTeam "Hamburger SK 1830 e.V."]
[BlackTeam "Luebecker SV von 1873 "]
[WhiteTeamCountry "GER"]
[BlackTeamCountry "GER"]

1. e4 e5 2. Nf3 Nc6 3. Nc3 Nf6 4. d4 exd4 5. Nxd4 Bb4 6. Nxc6 bxc6 7. Bd3 d5 8.
exd5 cxd5 9. O-O O-O 10. Bg5 c6 11. Qf3 Bd6 12. h3 Rb8 13. Na4 h6 14. Bxf6 Qxf6
15. Qxf6 gxf6 16. b3 Be6 17. Rad1 Rfd8 18. Rfe1 c5 19. c4 dxc4 20. Bxc4 Bxc4
21. bxc4 Bf8 22. Rxd8 Rxd8 23. Nc3 Rd4 24. Re4 Rd2 25. Re2 Rd4 26. Re4 Rd3 27.
Re3 Rd4 28. Re4 1/2-1/2

[Event "Bundesliga 0001"]
[Site "Deutschland"]
[Date "2001.01.07"]
[Round "5.8"]
[White "Mortensen, Erling"]
[Black "Reeh, Oliver"]
[Result "1/2-1/2"]
[WhiteElo "2438"]
[BlackElo "2420"]
[PlyCount "83"]
[EventDate "2000.10.14"]
[EventType "team"]
[EventRounds "15"]
[EventCountry "GER"]
[SourceTitle "Bundesliga 0001"]
[Source "DeepChess"]
[SourceDate "2005.01.01"]
[SourceVersion "1"]
[SourceVersionDate "2005.01.01"]
[SourceQuality "1"]
[WhiteTeam "Luebecker SV von 1873 "]
[BlackTeam "Hamburger SK 1830 e.V."]
[WhiteTeamCountry "GER"]
[BlackTeamCountry "GER"]

1. e4 c5 2. Nf3 d6 3. d4 cxd4 4. Nxd4 Nf6 5. Nc3 Nc6 6. Bc4 Bd7 7. O-O g6 8.
Nxc6 Bxc6 9. Nd5 Bg7 10. Bg5 Bxd5 11. exd5 O-O 12. Re1 h6 13. Bc1 a6 14. a4 Re8
15. c3 Qc7 16. Bf1 Qc5 17. c4 a5 18. Ra3 h5 19. Be3 Qc7 20. Bd4 Nd7 21. Rae3
Bxd4 22. Qxd4 Qb6 23. Qxb6 Nxb6 24. Rxe7 Kf8 25. Rxe8+ Rxe8 26. Rxe8+ Kxe8 27.
b3 Nd7 28. Bd3 Nc5 29. Bc2 Ke7 30. f4 f5 31. Kf2 b6 32. g3 Na6 33. h3 Kf6 34.
Kf3 Nc5 35. g4 hxg4+ 36. hxg4 fxg4+ 37. Kxg4 Na6 38. Kf3 g5 39. fxg5+ Kxg5 40.
Ke4 Kf6 41. Kd4 Ke7 42. Bf5 1/2-1/2

[Event "Bundesliga 0001"]
[Site "Deutschland"]
[Date "2001.01.07"]
[Round "5.2"]
[White "Babula, Vlastimil"]
[Black "Rogozenko, Dorian"]
[Result "1/2-1/2"]
[WhiteElo "2582"]
[BlackElo "2531"]
[PlyCount "30"]
[EventDate "2000.10.14"]
[EventType "team"]
[EventRounds "15"]
[EventCountry "GER"]
[SourceTitle "Bundesliga 0001"]
[Source "DeepChess"]
[SourceDate "2005.01.01"]
[SourceVersion "1"]
[SourceVersionDate "2005.01.01"]
[SourceQuality "1"]
[WhiteTeam "SAbt SV Werder Bremen"]
[BlackTeam "USC Magdeburg"]
[WhiteTeamCountry "GER"]
[BlackTeamCountry "GER"]

1. d4 d5 2. c4 c6 3. Nf3 Nf6 4. Nc3 a6 5. c5 Nbd7 6. Bf4 Nh5 7. e3 g6 8. Bd3
Nxf4 9. exf4 Bg7 10. O-O O-O 11. Re1 Re8 12. Rc1 Nf8 13. Qd2 Qc7 14. g3 f6 15.
Re3 Bg4 1/2-1/2

[Event "Bundesliga 0001"]
[Site "Deutschland"]
[Date "2001.01.07"]
[Round "5.3"]
[White "Slobodjan, Roman"]
[Black "Schandorff, Lars"]
[Result "1/2-1/2"]
[WhiteElo "2539"]
[BlackElo "2520"]
[PlyCount "63"]
[EventDate "2000.10.14"]
[EventType "team"]
[EventRounds "15"]
[EventCountry "GER"]
[SourceTitle "Bundesliga 0001"]
[Source "DeepChess"]
[SourceDate "2005.01.01"]
[SourceVersion "1"]
[SourceVersionDate "2005.01.01"]
[SourceQuality "1"]
[WhiteTeam "USC Magdeburg"]
[BlackTeam "SAbt SV Werder Bremen"]
[WhiteTeamCountry "GER"]
[BlackTeamCountry "GER"]

1. c4 c5 2. Nc3 Nc6 3. g3 g6 4. Bg2 Bg7 5. Rb1 Rb8 6. a3 a6 7. b4 cxb4 8. axb4
b5 9. cxb5 axb5 10. Nf3 d5 11. d4 Bf5 12. Rb3 Be4 13. Bf4 Bxf3 14. Bxf3 Nxd4
15. Bxb8 Nxb3 16. Qxb3 Qxb8 17. Bxd5 Bxc3+ 18. Qxc3 Nf6 19. Bc6+ Kf8 20. Qc5
Kg7 21. Bxb5 Rc8 22. Bc6 Nd7 23. Qd4+ Ne5 24. b5 Kg8 25. O-O Nxc6 26. bxc6 Rxc6
27. Ra1 Rc8 28. h4 h5 29. Qe4 Qd6 30. Rb1 Kg7 31. Kh2 Qf6 32. Kg2 1/2-1/2

[Event "Bundesliga 0001"]
[Site "Deutschland"]
[Date "2001.01.07"]
[Round "5.7"]
[White "Stolz, Mike"]
[Black "Joachim, Sven"]
[Result "1/2-1/2"]
[WhiteElo "2318"]
[BlackElo "2445"]
[PlyCount "48"]
[EventDate "2000.10.14"]
[EventType "team"]
[EventRounds "15"]
[EventCountry "GER"]
[SourceTitle "Bundesliga 0001"]
[Source "DeepChess"]
[SourceDate "2005.01.01"]
[SourceVersion "1"]
[SourceVersionDate "2005.01.01"]
[SourceQuality "1"]
[WhiteTeam "USC Magdeburg"]
[BlackTeam "SAbt SV Werder Bremen"]
[WhiteTeamCountry "GER"]
[BlackTeamCountry "GER"]

1. e4 c5 2. c3 Nf6 3. e5 Nd5 4. g3 Nc6 5. Bg2 e6 6. Nf3 d6 7. exd6 Bxd6 8. O-O
O-O 9. Na3 b6 10. d3 Bb7 11. Nc4 Be7 12. a4 Qc7 13. Re1 h6 14. Qb3 Rfd8 15. a5
Rab8 16. axb6 axb6 17. Nfe5 b5 18. Qxb5 Nxe5 19. Nxe5 Bd6 20. Nc4 Nxc3 21. Qa5
Bxg2 22. Qxc7 Bxc7 23. Kxg2 Nd5 24. Ra7 Rb3 1/2-1/2

[Event "Bundesliga 0001"]
[Site "Deutschland"]
[Date "2001.01.07"]
[Round "5.8"]
[White "Meins, Gerlef"]
[Black "Meier, Volker"]
[Result "0-1"]
[WhiteElo "2426"]
[BlackElo "2288"]
[PlyCount "110"]
[EventDate "2000.10.14"]
[EventType "team"]
[EventRounds "15"]
[EventCountry "GER"]
[SourceTitle "Bundesliga 0001"]
[Source "DeepChess"]
[SourceDate "2005.01.01"]
[SourceVersion "1"]
[SourceVersionDate "2005.01.01"]
[SourceQuality "1"]
[WhiteTeam "SAbt SV Werder Bremen"]
[BlackTeam "USC Magdeburg"]
[WhiteTeamCountry "GER"]
[BlackTeamCountry "GER"]

1. d4 Nf6 2. c4 e6 3. g3 Bb4+ 4. Bd2 c5 5. Bxb4 cxb4 6. Bg2 O-O 7. Nf3 d6 8.
O-O Re8 9. a3 Nc6 10. axb4 Nxb4 11. Nc3 Bd7 12. Qb3 a5 13. e4 e5 14. Rfd1 b6
15. dxe5 dxe5 16. Bh3 Qc8 17. Bxd7 Nxd7 18. Rd6 Nc5 19. Qd1 Qc7 20. Nb5 Qb7 21.
Ra3 Nxe4 22. Rd7 Qc8 23. Re3 Nc5 24. Rxf7 Qd8 25. Qxd8 Raxd8 26. Rc7 Rd1+ 27.
Kg2 e4 28. Nfd4 Rd2 29. Re2 Rxe2 30. Nxe2 Nbd3 31. Nf4 Nxf4+ 32. gxf4 g6 33.
Kg3 e3 34. fxe3 Rxe3+ 35. Kg4 h5+ 36. Kh4 Re4 37. Rc6 Kg7 38. Rxb6 Rxf4+ 39.
Kg3 Rxc4 40. Nd6 Rb4 41. Rxb4 axb4 42. Nc4 Kf6 43. Kf3 Kf5 44. Ke3 g5 45. Na5
Kg4 46. Nc6 Kh3 47. Nxb4 Kxh2 48. Nd5 g4 49. Nf4 h4 50. b4 Nd7 51. b5 h3 52.
Ne2 g3 53. Kf3 g2 54. Kf2 Nb6 55. Ng1 Nd5 0-1

[Event "Bundesliga 0001"]
[Site "Deutschland"]
[Date "2001.01.07"]
[Round "5.1"]
[White "Piket, Jeroen"]
[Black "Feygin, Michail"]
[Result "1-0"]
[WhiteElo "2649"]
[BlackElo "2482"]
[PlyCount "63"]
[EventDate "2000.10.14"]
[EventType "team"]
[EventRounds "15"]
[EventCountry "GER"]
[SourceTitle "Bundesliga 0001"]
[Source "DeepChess"]
[SourceDate "2005.01.01"]
[SourceVersion "1"]
[SourceVersionDate "2005.01.01"]
[SourceQuality "1"]
[WhiteTeam "SG 1868 Aljech. Solingen"]
[BlackTeam "SC Hassel KS Gelsenkirchen"]
[WhiteTeamCountry "GER"]
[BlackTeamCountry "GER"]

1. d4 e6 2. c4 Nf6 3. Nf3 b6 4. g3 Ba6 5. b3 Bb7 6. Bg2 Bb4+ 7. Bd2 a5 8. O-O
O-O 9. Qc2 h6 10. a3 Bxd2 11. Nbxd2 c5 12. e4 cxd4 13. Nxd4 Na6 14. Rfe1 Rc8
15. Rad1 Qe7 16. Nf5 Qc5 17. Nd6 Qxd6 18. e5 Qc7 19. Bxb7 Qxb7 20. exf6 d5 21.
fxg7 Rfd8 22. Qb2 d4 23. Ne4 e5 24. Nf6+ Kxg7 25. Nh5+ Kf8 26. Rxe5 Rc5 27.
Rxd4 Rxd4 28. Qxd4 Rxe5 29. Qxe5 Qc6 30. Nf6 Nc7 31. h4 Ne6 32. Nd5 1-0

[Event "Bundesliga 0001"]
[Site "Deutschland"]
[Date "2001.01.07"]
[Round "5.3"]
[White "Huebner, Robert"]
[Black "Kalka, Arkadius Georg"]
[Result "1-0"]
[WhiteElo "2615"]
[BlackElo "2378"]
[PlyCount "79"]
[EventDate "2000.10.14"]
[EventType "team"]
[EventRounds "15"]
[EventCountry "GER"]
[SourceTitle "Bundesliga 0001"]
[Source "DeepChess"]
[SourceDate "2005.01.01"]
[SourceVersion "1"]
[SourceVersionDate "2005.01.01"]
[SourceQuality "1"]
[WhiteTeam "SG 1868 Aljech. Solingen"]
[BlackTeam "SC Hassel KS Gelsenkirchen"]
[WhiteTeamCountry "GER"]
[BlackTeamCountry "GER"]

1. d4 Nf6 2. c4 g6 3. g3 Bg7 4. Bg2 O-O 5. Nc3 d6 6. Nf3 Nc6 7. O-O a6 8. d5
Na5 9. Nd2 c5 10. Rb1 Rb8 11. b3 b5 12. Bb2 h5 13. Qc2 Bf5 14. e4 Bd7 15. Nd1
bxc4 16. bxc4 e5 17. Bc3 Rxb1 18. Qxb1 h4 19. Nb2 hxg3 20. hxg3 Ng4 21. Qe1 Nb7
22. f3 Nh6 23. Nd3 f5 24. f4 Ng4 25. Bf3 fxe4 26. Nxe4 Qe8 27. Qe2 Qc8 28. Rb1
Bf5 29. Rb6 Nh6 30. fxe5 dxe5 31. Nxe5 Re8 32. Nf6+ Bxf6 33. Rxf6 Qd8 34. Rxa6
Nd6 35. Qd2 Ndf7 36. Nxf7 Nxf7 37. g4 Ng5 38. Bg2 Be4 39. Bxe4 Rxe4 40. Rxg6+
1-0

[Event "Bundesliga 0001"]
[Site "Deutschland"]
[Date "2001.01.07"]
[Round "5.5"]
[White "Lobron, Eric"]
[Black "Balster, Stefan"]
[Result "1-0"]
[WhiteElo "2530"]
[BlackElo "2338"]
[PlyCount "79"]
[EventDate "2000.10.14"]
[EventType "team"]
[EventRounds "15"]
[EventCountry "GER"]
[SourceTitle "Bundesliga 0001"]
[Source "DeepChess"]
[SourceDate "2005.01.01"]
[SourceVersion "1"]
[SourceVersionDate "2005.01.01"]
[SourceQuality "1"]
[WhiteTeam "SG 1868 Aljech. Solingen"]
[BlackTeam "SC Hassel KS Gelsenkirchen"]
[WhiteTeamCountry "GER"]
[BlackTeamCountry "GER"]

1. Nf3 c5 2. e4 e6 3. Nc3 Nc6 4. g3 d6 5. Bg2 Nf6 6. O-O a6 7. d4 cxd4 8. Nxd4
Bd7 9. a4 Nxd4 10. Qxd4 Qc7 11. a5 Be7 12. Be3 Bc6 13. Na4 O-O 14. Nb6 Rad8 15.
c4 Ng4 16. Rae1 Ne5 17. f4 Nd7 18. Qc3 Rde8 19. b4 Nxb6 20. Bxb6 Qc8 21. Rf2 f5
22. exf5 Bxg2 23. Rxg2 Rxf5 24. Rge2 Bf8 25. Qd3 Rf7 26. Re4 e5 27. Qd5 Qe6 28.
Qxe6 Rxe6 29. b5 Rfe7 30. f5 Rf6 31. Bd8 Rxf5 32. Bxe7 Bxe7 33. b6 Rf3 34. c5
Rc3 35. cxd6 Bxd6 36. Rd1 Bc5+ 37. Kg2 Bd4 38. Rdxd4 exd4 39. Re7 Rc5 40. Rxb7
1-0

[Event "Bundesliga 0001"]
[Site "Deutschland"]
[Date "2001.01.07"]
[Round "5.6"]
[White "Schirbel, Andreas"]
[Black "Rowson, Jonathan"]
[Result "0-1"]
[WhiteElo "2308"]
[BlackElo "2494"]
[PlyCount "68"]
[EventDate "2000.10.14"]
[EventType "team"]
[EventRounds "15"]
[EventCountry "GER"]
[SourceTitle "Bundesliga 0001"]
[Source "DeepChess"]
[SourceDate "2005.01.01"]
[SourceVersion "1"]
[SourceVersionDate "2005.01.01"]
[SourceQuality "1"]
[WhiteTeam "SC Hassel KS Gelsenkirchen"]
[BlackTeam "SG 1868 Aljech. Solingen"]
[WhiteTeamCountry "GER"]
[BlackTeamCountry "GER"]

1. d4 Nf6 2. Bg5 e6 3. e4 h6 4. Bxf6 Qxf6 5. Nc3 Bb4 6. Qd2 c5 7. a3 Bxc3 8.
bxc3 d6 9. f4 e5 10. Bb5+ Bd7 11. Bxd7+ Nxd7 12. Ne2 Qh4+ 13. g3 Qe7 14. fxe5
dxe5 15. d5 Nb6 16. a4 O-O 17. O-O c4 18. Kg2 Qd7 19. a5 Nc8 20. Ng1 Nd6 21.
Rfe1 f5 22. exf5 Rxf5 23. Nf3 e4 24. Nh4 Rg5 25. Rf1 Re8 26. Rae1 Nb5 27. Qe3
Qxd5 28. Rf4 Nd6 29. Qxa7 Qxa5 30. Qd4 Qc5 31. Rd1 Qxd4 32. Rxd4 Re6 33. Kf1
Ra5 34. Ng2 Ra3 0-1

[Event "Bundesliga 0001"]
[Site "Deutschland"]
[Date "2001.01.07"]
[Round "5.7"]
[White "Naumann, Alexander"]
[Black "Van der Veen, Heinz"]
[Result "1-0"]
[WhiteElo "2489"]
[BlackElo "2230"]
[PlyCount "47"]
[EventDate "2000.10.14"]
[EventType "team"]
[EventRounds "15"]
[EventCountry "GER"]
[SourceTitle "Bundesliga 0001"]
[Source "DeepChess"]
[SourceDate "2005.01.01"]
[SourceVersion "1"]
[SourceVersionDate "2005.01.01"]
[SourceQuality "1"]
[WhiteTeam "SG 1868 Aljech. Solingen"]
[BlackTeam "SC Hassel KS Gelsenkirchen"]
[WhiteTeamCountry "GER"]
[BlackTeamCountry "GER"]

1. e4 c5 2. Nf3 d6 3. d4 cxd4 4. Nxd4 Nf6 5. Nc3 a6 6. Bc4 e6 7. Bb3 b5 8. Bg5
Be7 9. Qf3 Qb6 10. O-O-O O-O 11. Rhe1 Nbd7 12. Qg3 Nc5 13. Bh6 Ne8 14. f4 Kh8
15. Bg5 Nxb3+ 16. axb3 Bxg5 17. fxg5 Bb7 18. Qh4 Rc8 19. Rf1 Kg8 20. Rd3 Qc5
21. Rh3 h6 22. gxh6 g5 23. Qf2 e5 24. Ne6 1-0

[Event "Bundesliga 0001"]
[Site "Deutschland"]
[Date "2001.01.07"]
[Round "5.8"]
[White "Wiechen, Ulrich"]
[Black "Schaefer, Markus"]
[Result "0-1"]
[WhiteElo "2029"]
[BlackElo "2393"]
[PlyCount "68"]
[EventDate "2000.10.14"]
[EventType "team"]
[EventRounds "15"]
[EventCountry "GER"]
[SourceTitle "Bundesliga 0001"]
[Source "DeepChess"]
[SourceDate "2005.01.01"]
[SourceVersion "1"]
[SourceVersionDate "2005.01.01"]
[SourceQuality "1"]
[WhiteTeam "SC Hassel KS Gelsenkirchen"]
[BlackTeam "SG 1868 Aljech. Solingen"]
[WhiteTeamCountry "GER"]
[BlackTeamCountry "GER"]

1. e4 e6 2. d4 d5 3. Nc3 Nf6 4. Bg5 Be7 5. e5 Nfd7 6. h4 c5 7. Nb5 f6 8. exf6
Nxf6 9. Bf4 Na6 10. Nf3 O-O 11. Ne5 Ne4 12. g3 cxd4 13. Nxd4 Bb4+ 14. c3 Nxc3
15. bxc3 Bxc3+ 16. Ke2 Qb6 17. Ke3 Nb4 18. Rc1 Bb2 19. Bh3 Nc6 20. Rxc6 bxc6
21. Nexc6 Bxd4+ 22. Nxd4 e5 23. Bxe5 Bxh3 24. Rxh3 Qg6 25. Qd3 Qg4 26. Rh1 Rae8
27. f4 Qxg3+ 28. Kd2 Qg2+ 29. Ne2 Qxh1 30. Ng3 Qg2+ 31. Kc3 Rc8+ 32. Kb3 Rb8+
33. Bxb8 Rxb8+ 34. Kc3 Qb2# 0-1

[Event "Bundesliga 0001"]
[Site "Deutschland"]
[Date "2001.01.07"]
[Round "5.1"]
[White "Schlindwein, Rolf"]
[Black "Balcerak, Jakob"]
[Result "1-0"]
[WhiteElo "2441"]
[BlackElo "2413"]
[PlyCount "53"]
[EventDate "2000.10.14"]
[EventType "team"]
[EventRounds "15"]
[EventCountry "GER"]
[SourceTitle "Bundesliga 0001"]
[Source "DeepChess"]
[SourceDate "2005.01.01"]
[SourceVersion "1"]
[SourceVersionDate "2005.01.01"]
[SourceQuality "1"]
[WhiteTeam "SF 1982 Baiertal Schatthausen"]
[BlackTeam "TSV Schott Mainz"]
[WhiteTeamCountry "GER"]
[BlackTeamCountry "GER"]

1. e4 c5 2. Nf3 d6 3. d4 cxd4 4. Nxd4 Nf6 5. Nc3 a6 6. Bd3 e5 7. Nde2 Nbd7 8.
O-O b5 9. b4 Bb7 10. Bg5 Be7 11. a4 bxa4 12. Rxa4 O-O 13. Qa1 Nb6 14. Ra5 d5
15. Bxf6 Bxf6 16. exd5 Nxd5 17. Nxd5 Bxd5 18. Bxa6 Rxa6 19. Rxa6 Bc4 20. Ng3
Bxf1 21. Nxf1 e4 22. Qe1 Qd4 23. Rc6 h6 24. b5 Ra8 25. Qe2 Ra2 26. Rc8+ Kh7 27.
Rc4 1-0

[Event "Bundesliga 0001"]
[Site "Deutschland"]
[Date "2001.01.07"]
[Round "5.3"]
[White "Buhmann, Rainer"]
[Black "Cicak, Slavko"]
[Result "0-1"]
[WhiteElo "2416"]
[BlackElo "2543"]
[PlyCount "86"]
[EventDate "2000.10.14"]
[EventType "team"]
[EventRounds "15"]
[EventCountry "GER"]
[SourceTitle "Bundesliga 0001"]
[Source "DeepChess"]
[SourceDate "2005.01.01"]
[SourceVersion "1"]
[SourceVersionDate "2005.01.01"]
[SourceQuality "1"]
[WhiteTeam "SF 1982 Baiertal Schatthausen"]
[BlackTeam "TSV Schott Mainz"]
[WhiteTeamCountry "GER"]
[BlackTeamCountry "GER"]

1. Nc3 c5 2. Nf3 b6 3. d4 cxd4 4. Qxd4 Bb7 5. Bg5 d6 6. e4 a6 7. O-O-O Nc6 8.
Qe3 Nf6 9. Bc4 h6 10. e5 hxg5 11. exd6 Rh5 12. Nxg5 Rxg5 13. Qxg5 e6 14. Rhe1
Kd7 15. Qe3 Kc8 16. Na4 Nd7 17. Be2 b5 18. Nc3 Qb6 19. Qf4 Nce5 20. Ne4 f5 21.
Ng5 Bxd6 22. Qd2 Bc5 23. Bf1 Bxf2 24. Qc3+ Kb8 25. Re2 f4 26. Nf3 Be3+ 27. Kb1
Qc7 28. Nxe5 Nxe5 29. Qb4 Ka7 30. Rxe3 fxe3 31. Qd4+ Kb8 32. Qxe3 Bd5 33. Re1
Nc6 34. b3 b4 35. c4 bxc3 36. Qxc3 Kb7 37. Bd3 Rc8 38. Rc1 g5 39. Be2 Qxh2 40.
Qd3 Nb4 41. Qd4 Rxc1+ 42. Kxc1 Qf4+ 43. Qxf4 gxf4 0-1

[Event "Bundesliga 0001"]
[Site "Deutschland"]
[Date "2001.01.07"]
[Round "5.4"]
[White "Lisanti, Andre"]
[Black "Maier, Christian"]
[Result "1-0"]
[WhiteElo "2300"]
[BlackElo "2351"]
[PlyCount "61"]
[EventDate "2000.10.14"]
[EventType "team"]
[EventRounds "15"]
[EventCountry "GER"]
[SourceTitle "Bundesliga 0001"]
[Source "DeepChess"]
[SourceDate "2005.01.01"]
[SourceVersion "1"]
[SourceVersionDate "2005.01.01"]
[SourceQuality "1"]
[WhiteTeam "TSV Schott Mainz"]
[BlackTeam "SF 1982 Baiertal Schatthausen"]
[WhiteTeamCountry "GER"]
[BlackTeamCountry "GER"]

1. d4 e6 2. c4 Nf6 3. Nf3 c5 4. d5 exd5 5. cxd5 d6 6. Nc3 g6 7. Qa4+ Bd7 8. Qc2
Bg7 9. Bg5 O-O 10. Nd2 h6 11. Bf4 Nh5 12. Be3 Na6 13. a3 b5 14. g3 b4 15. Nce4
bxa3 16. Rxa3 Nb4 17. Qb3 Qe7 18. Bg2 Nf6 19. Bf4 Nxe4 20. Nxe4 Be5 21. Bxh6
Rfe8 22. O-O Bf5 23. Nc3 Bc2 24. Qc4 Bd4 25. Bc1 Qf6 26. Nb5 Bxb2 27. Rf3 Qe5
28. Bxb2 Qxb2 29. Nxd6 Rf8 30. Qxc5 a5 31. Nc4 1-0

[Event "Bundesliga 0001"]
[Site "Deutschland"]
[Date "2001.01.07"]
[Round "5.5"]
[White "Duppel, Matthias"]
[Black "Vogler, Tilmann"]
[Result "1-0"]
[WhiteElo "2376"]
[BlackElo "2373"]
[PlyCount "97"]
[EventDate "2000.10.14"]
[EventType "team"]
[EventRounds "15"]
[EventCountry "GER"]
[SourceTitle "Bundesliga 0001"]
[Source "DeepChess"]
[SourceDate "2005.01.01"]
[SourceVersion "1"]
[SourceVersionDate "2005.01.01"]
[SourceQuality "1"]
[WhiteTeam "SF 1982 Baiertal Schatthausen"]
[BlackTeam "TSV Schott Mainz"]
[WhiteTeamCountry "GER"]
[BlackTeamCountry "GER"]

1. d4 e6 2. g3 d5 3. Bg2 Nd7 4. Nd2 Ngf6 5. Ngf3 Be7 6. O-O O-O 7. c4 b6 8.
cxd5 exd5 9. b3 Re8 10. Bb2 Bb7 11. Rc1 c5 12. Re1 Ne4 13. dxc5 Bxc5 14. Bd4
Qe7 15. Bxc5 bxc5 16. Nxe4 dxe4 17. Nd2 Rad8 18. Nf1 Nf8 19. Qc2 Ne6 20. Qc3 g6
21. Ne3 f5 22. Bf1 Rd4 23. Nc2 Rd6 24. Red1 Red8 25. Rxd6 Qxd6 26. e3 Ba6 27.
Bc4 Bxc4 28. Qxc4 a5 29. Na3 Kf7 30. Kg2 Qd2 31. Qc2 g5 32. Nc4 Qd5 33. Qe2 Kg6
34. Rc2 f4 35. gxf4 gxf4 36. Qg4+ Kf7 37. Rd2 f3+ 38. Kg3 Nd4 39. Qf4+ Ke7 40.
Qh4+ Ke6 41. Qh6+ Kf7 42. Qxh7+ Kf6 43. Qh6+ Kf7 44. exd4 cxd4 45. Kf4 Rf8 46.
Ne3 Qd8 47. Nf5 d3 48. Qd6 e3 49. Qxd8 1-0

[Event "Bundesliga 0001"]
[Site "Deutschland"]
[Date "2001.01.07"]
[Round "5.6"]
[White "Wornath, Kai Rudolf"]
[Black "Meissner, Bernd Guenther"]
[Result "1-0"]
[WhiteElo "2398"]
[BlackElo "2372"]
[PlyCount "131"]
[EventDate "2000.10.14"]
[EventType "team"]
[EventRounds "15"]
[EventCountry "GER"]
[SourceTitle "Bundesliga 0001"]
[Source "DeepChess"]
[SourceDate "2005.01.01"]
[SourceVersion "1"]
[SourceVersionDate "2005.01.01"]
[SourceQuality "1"]
[WhiteTeam "TSV Schott Mainz"]
[BlackTeam "SF 1982 Baiertal Schatthausen"]
[WhiteTeamCountry "GER"]
[BlackTeamCountry "GER"]

1. d4 Nf6 2. c4 c5 3. d5 e6 4. Nc3 exd5 5. cxd5 d6 6. e4 g6 7. Nf3 Bg7 8. Bb5+
Bd7 9. Bxd7+ Nbxd7 10. Bf4 Qe7 11. O-O O-O 12. Re1 Ng4 13. Bg3 c4 14. e5 Ngxe5
15. Nxe5 dxe5 16. d6 Qd8 17. Nd5 Nc5 18. Rxe5 Bxe5 19. Bxe5 f6 20. Nxf6+ Rxf6
21. Bxf6 Qxf6 22. Qd5+ Ne6 23. Re1 Re8 24. d7 Rf8 25. Qxe6+ Qxe6 26. Rxe6 Kf7
27. Re4 Rd8 28. Rxc4 Rxd7 29. Kf1 Re7 30. f3 Kf6 31. Kf2 h5 32. h4 b6 33. Rf4+
Kg7 34. b3 Rc7 35. Rc4 Re7 36. Rc6 Kh6 37. f4 Rf7 38. Kf3 Rf5 39. Rc7 a5 40. a4
b5 41. Ke4 bxa4 42. bxa4 Rf8 43. Ra7 Re8+ 44. Kf3 Rb8 45. Rxa5 Rb3+ 46. Ke4
Rb4+ 47. Kf3 Rb3+ 48. Kf2 Rb4 49. g3 Rb2+ 50. Kf1 Ra2 51. Ra7 Ra3 52. Kg2 Ra2+
53. Kh3 Rb2 54. a5 Ra2 55. a6 Ra5 56. Kg2 Ra3 57. Kf2 Ra2+ 58. Kf3 Ra4 59. Ke3
Ra3+ 60. Ke4 Rxg3 61. Re7 Ra3 62. a7 Ra1 63. Kd5 Ra2 64. Kc6 Ra4 65. Kb7 Rb4+
66. Kc8 1-0

[Event "Bundesliga 0001"]
[Site "Deutschland"]
[Date "2001.01.07"]
[Round "5.7"]
[White "Koch, Wolfgang Max"]
[Black "Neidhardt, Claus Ulrich"]
[Result "1/2-1/2"]
[WhiteElo "2335"]
[BlackElo "2429"]
[PlyCount "85"]
[EventDate "2000.10.14"]
[EventType "team"]
[EventRounds "15"]
[EventCountry "GER"]
[SourceTitle "Bundesliga 0001"]
[Source "DeepChess"]
[SourceDate "2005.01.01"]
[SourceVersion "1"]
[SourceVersionDate "2005.01.01"]
[SourceQuality "1"]
[WhiteTeam "SF 1982 Baiertal Schatthausen"]
[BlackTeam "TSV Schott Mainz"]
[WhiteTeamCountry "GER"]
[BlackTeamCountry "GER"]

1. d4 d5 2. c4 Nc6 3. Nc3 dxc4 4. Nf3 Nf6 5. e4 Bg4 6. Be3 e6 7. Bxc4 Bb4 8.
Qd3 O-O 9. O-O Bh5 10. a3 Bxc3 11. bxc3 Bg6 12. Nd2 Nd5 13. f3 Qd6 14. Bf2 Na5
15. Bxd5 Qxd5 16. c4 Qd7 17. Qc3 b6 18. Rfd1 Rfd8 19. Rac1 f6 20. c5 Bf7 21.
Nb3 Nxb3 22. Qxb3 e5 23. Qc3 exd4 24. Rxd4 Qe8 25. h3 Be6 26. Rcd1 Rxd4 27.
Qxd4 Qc6 28. Rc1 Rc8 29. Qe3 Qd7 30. Bg3 Qe7 31. Kh2 h6 32. Rc3 b5 33. Rc1 a5
34. Qc3 a4 35. Rd1 Ra8 36. Qd4 Kh7 37. Rd2 Ra6 38. Bf2 Bc4 39. Kg1 Re6 40. Qc3
Qf7 41. Qa5 Re7 42. Qc3 f5 43. exf5 1/2-1/2